Provincias de Argentina por fronteras en 15 segundos - Estadísticas

Estadísticas generales
  • Esta prueba ha sido intentada 6.365 veces
  • La puntuación promedio es 15 de 24
Respuestas en el mapa
Las respuestas están codificadas por una escala verde-roja en el mapa de la prueba según el % correcto abajo.
 
Estadísticas de respuestas
Provincia % Correcto
Buenos Aires
91%
Córdoba
91%
La Pampa
91%
Santa Fe
91%
Rio Negro
85%
Entre Ríos
79%
Santiago del Estero
73%
Catamarca
68%
San Luis
68%
Salta
65%
Chaco
61%
Ciudad de Buenos Aires
58%
Mendoza
56%
Corrientes
54%
La Rioja
54%
Neuquén
51%
Formosa
48%
Jujuy
48%
Tucumán
48%
San Juan
43%
Chubut
40%
Misiones
39%
Santa Cruz
35%
Tierra del Fuego
17%
No se encontraron pruebas coincidentes
Distribución de puntuación
Porcentaje de gente con cada puntuación
Porcentaje por número respondido
Historial de tus puntuaciones
No has intentado esta prueba.